Business communication essentials /

Salvato in:
Dettagli Bibliografici
Autore principale: Bovee, Courtland
Altri autori: Thill, John V.
Natura: Libro
Pubblicazione: Upper Saddle River, NJ : Pearson Prentice Hall, c2007.
Edizione:4th ed.
Soggetti:
Tags: Aggiungi Tag
Nessun Tag, puoi essere il primo ad aggiungerne!!

MARC

LEADER 00000cam a22000004a 4500
005 20260423094559.0
020 |a 0132408457  |c 22,050/= TZS 
040 |a MCC  |b eng, 
082 0 0 |a 651.7 
100 1 |a Bovee, Courtland 
245 1 0 |a Business communication essentials /  |c Courtland L. Bovée, John V. Thill. 
250 |a 4th ed. 
260 |a Upper Saddle River, NJ :  |b Pearson Prentice Hall,  |c c2007. 
300 |a xxi, 443 p. :  |b ill. (some col.) ;  |c 29 cm. 
504 |a icluding Bibliographic refferences and index. 
650 0 |a Business communication. 
650 0 |a Business writing. 
650 0 |a Business presentations. 
700 1 |a Thill, John V. 
942 |c BK 
999 |c 12728  |d 12728